|
|
|
|
| LEADER |
01052cam a2200265 7i4500 |
| 001 |
0000066246 |
| 005 |
20220211090000.0 |
| 020 |
|
|
|a 9780262538213 (electronic book)
|
| 090 |
0 |
0 |
|a Q175.5
|b .S45 2020
|
| 245 |
0 |
0 |
|a Science and the production of ignorance :
|b when the quest for knowledge is thwarted
|c edited by Janet Kourany and Martin Carrier.
|
| 264 |
|
|
|a Cambridge, MA:
|b The MIT Press,
|c 2020.
|
| 300 |
|
|
|a 1 online resource (vi, 317 pages):
|b illustrations, text file, PDF.
|
| 336 |
|
|
|a text
|2 rdacontent
|
| 337 |
|
|
|a computer
|2 rdamedia
|
| 338 |
|
|
|a online resource
|2 rdacarrier
|
| 650 |
|
0 |
|a Ignorance (Theory of knowledge)
|
| 650 |
|
0 |
|a Science --
|x Social aspects
|
| 650 |
|
0 |
|a Science --
|x Philosophy
|
| 655 |
|
0 |
|a Electronic books
|
| 700 |
1 |
|
|a Kourany, Janet
|
| 700 |
1 |
|
|a Carrier, Martin
|
| 856 |
4 |
2 |
|u http://library.unisel.edu.my/web/guest/mylibrary
|
| 997 |
|
|
|a Engineering & Life Sciences, Faculty
|b Science & Biotechnology, Department
|
| 998 |
|
|
|a Biotechnology, Degree
|
| 999 |
|
|
|a EBO0010816
|b EBOOK
|c EBOOK
|e Electronic resources
|